Sports Quiz

Random Sports or Nation Quiz

Manchester United Top Premier League Scorers by Nation Quiz Stats

 Plays Quiz not verified by Sporcle

Support Sporcle.
Go Orange.
Score 0/25 Timer 20:00
0 Plays Today
Nation Player % Correct
PortugalCristiano Ronaldo
99.3%
EnglandWayne Rooney
99.1%
WalesRyan Giggs
98.8%
MexicoJavier Hernandez
97.9%
NetherlandsRuud van Nistelrooy
97.7%
BulgariaDimitar Berbatov
97.2%
Trinidad and TobagoDwight Yorke
97.2%
South KoreaJi-Sung Park
97%
SerbiaNemanja Vidic
97%
NorwayOle Gunnar Solskjaer
96.3%
EcuadorLuis Antonio Valencia
95.6%
UruguayDiego Forlan
94.2%
ScotlandDarren Fletcher & Brian McClair
94%
Nation Player % Correct
IrelandRoy Keane
93.5%
FranceEric Cantona
92.8%
JapanShinji Kagawa
90.7%
ArgentinaCarlos Tevez
90%
RussiaAndrei Kanchelskis
87%
BrazilAnderson
86.3%
SwedenJesper Blomqvist & Henrik Larsson
84.4%
South AfricaQuinton Fortune
84.2%
Northern IrelandJonny Evans
84%
Czech RepublicKarel Poborsky
76%
SenegalMame Biram Diouf
75.8%
ItalyFederico Macheda
74.7%

You're not logged in!

Compare scores with friends on all Sporcle quizzes.
OR
Log In

From the Vault

Alexander's Synonymous-with-Awful Day

by mikenew

Hopefully, you won't use any of these adjectives to describe this quiz.
Remove Ads.
Support Sporcle.
Get the best of Sporcle when you Go Orange. This ad-free experience offers more features, more stats, and more fun while also helping to support Sporcle. Thank you for becoming a member.

Show Comments

Extras

Top Quizzes Today


Score Distribution

Your Account Isn't Verified!

In order to create a playlist on Sporcle, you need to verify the email address you used during registration. Go to your Sporcle Settings to finish the process.

Report this User

Report this user for behavior that violates our Community Guidelines.

Details: